IFM Opac

Business Finance in Less Developed Capital Markets (Record no. 1484)

MARC details
000 -LEADER
fixed length control field 00605nam a2200193Ia 4500
003 - CONTROL NUMBER IDENTIFIER
control field OSt
005 - DATE AND TIME OF LATEST TRANSACTION
control field 20220818134232.0
008 - FIXED-LENGTH DATA ELEMENTS--GENERAL INFORMATION
fixed length control field 220818b |||||||| |||| 00| 0 eng d
040 ## - CATALOGING SOURCE
Transcribing agency IFM Library
082 ## - DEWEY DECIMAL CLASSIFICATION NUMBER
Classification number 332.041091724
100 ## - MAIN ENTRY--PERSONAL NAME
Personal name Fischer, Klaus P. ( ed.)
9 (RLIN) 2436
245 ## - TITLE STATEMENT
Title Business Finance in Less Developed Capital Markets
260 ## - PUBLICATION, DISTRIBUTION, ETC.
Place of publication, distribution, etc. Westport:
Name of publisher, distributor, etc. Green Press
Date of publication, distribution, etc. 19920313279721
300 ## - PHYSICAL DESCRIPTION
Extent xii, 391p. :ill. ; 24cm
500 ## - GENERAL NOTE
General note Includes Index
650 ## - SUBJECT ADDED ENTRY--TOPICAL TERM
Topical term or geographic name entry element Business financeCapital markets - Developing countries
9 (RLIN) 2437
700 ## - ADDED ENTRY--PERSONAL NAME
Personal name Papaioannou, George J. ( ed.)
9 (RLIN) 2438
942 ## - ADDED ENTRY ELEMENTS (KOHA)
Koha item type Books
Source of classification or shelving scheme Dewey Decimal Classification
Suppress in OPAC No
Holdings
Withdrawn status Lost status Source of classification or shelving scheme Damaged status Not for loan Collection code Home library Current library Shelving location Date acquired Full call number Barcode Date last seen Price effective from Koha item type
    Dewey Decimal Classification     Non-fiction IFM Main Campus Library IFM Main Campus Library Stack Collection 08/18/2022 332.041091724 BUS 0000001762 05/15/2015 02/19/2022 Books
    Dewey Decimal Classification     Non-fiction IFM Main Campus Library IFM Main Campus Library Stack Collection 08/18/2022 332.041091724 BUS 0000002325 10/15/2015 02/19/2022 Books
    Dewey Decimal Classification     Non-fiction IFM Main Campus Library IFM Main Campus Library Stack Collection 08/18/2022 332.041091724 BUS 0000001760 10/15/2015 02/19/2022 Books
    Dewey Decimal Classification     Non-fiction IFM Main Campus Library IFM Main Campus Library Stack Collection 08/18/2022 332.041091724 BUS 0000001761 08/18/2022 02/19/2022 Books